000 00309nam a2200133Ia 4500
008 240624s9999 xx 000 0 und d
041 _aeng
082 _a823 ATW
100 _aATWOOD MARGARET
245 _aBLIND ASSASIN
260 _c2009
_aNew Delhi
_bVirago
300 _a641 : p. : cm. ; 22
365 _cRS
999 _c17106
_d17106